[Event "CFriend SH-2004-0-00023 email"]
[Site "Chessfriend.com"]
[Date "2004.08.02"]
[Round "1"]
[White "Myers, David Robert"]
[Black "Pavillar, Paul Newneil"]
[Result "1/2-1/2"]
[WhiteElo "2406"]
[BlackElo "2163"]
[PlyCount "69"]
[EventDate "2004.08.02"]
[EventType "tourn (corr)"]
[EventRounds "12"]
[SourceTitle "Corr 2008"]
[Source "ChessBase"]
[SourceDate "2008.06.24"]
[SourceVersion "1"]
[SourceVersionDate "2008.06.24"]
[SourceQuality "1"]

1. e4 e6 2. d4 d5 3. Nc3 Nf6 4. Bg5 dxe4 5. Nxe4 Be7 6. Bxf6 gxf6 7. Nf3 a6 8. Qd2 b5 9. 0-0-0 Bb7 10. Qe3 Nd7 11. Be2 Bd5 12. Kb1 Nb6 13. Nfd2 f5 14. Nc5 Qd6 15. Rhe1 Rg8 16. g3 e5 17. Ndb3 e4 18. f3 Bg5 19. Qg1 Kf8 20. Qf1 Rg7 21. c3 Qh6 22. fxe4 fxe4 23. Qf5 Qg6 24. Rf1 c6 25. Na5 Qxf5 26. Rxf5 Be7 27. b3 Bxc5 28. dxc5 Nd7 29. c4 Be6 30. Rh5 Nf6 31. Rh6 Rg6 32. Rxg6 hxg6 33. Nxc6 bxc4 34. b4 Nd5 35. Rc1 1/2-1/2

[Event "CFriend SH-2004-0-00023 email"]
[Site "Chessfriend.com"]
[Date "2004.08.02"]
[Round "1"]
[White "Pavillar, Paul Newneil"]
[Black "Lambert, Andreas"]
[Result "0-1"]
[WhiteElo "2163"]
[BlackElo "2141"]
[PlyCount "104"]
[EventDate "2004.08.02"]
[EventType "tourn (corr)"]
[EventRounds "12"]
[SourceTitle "Corr 2008"]
[Source "ChessBase"]
[SourceDate "2008.06.24"]
[SourceVersion "1"]
[SourceVersionDate "2008.06.24"]
[SourceQuality "1"]

1. e4 c5 2. Nf3 d6 3. d4 cxd4 4. Nxd4 Nf6 5. Nc3 a6 6. Be3 e5 7. Nb3 Be6 8. f3 Nbd7 9. Qd2 Be7 10. g4 Nb6 11. 0-0-0 Rc8 12. h4 h5 13. g5 Nfd7 14. f4 exf4 15. Bxf4 Ne5 16. Bh3 Nbc4 17. Qe2 Ng6 18. Bxe6 fxe6 19. Bg3 Qc7 20. Qf3 b5 21. Nd4 Qd7 22. Rhf1 Bd8 23. b3 Nce5 24. Bxe5 Nxe5 25. Qh3 Ng4 26. e5 d5 27. Nce2 Bb6 28. Kb1 Rf8 29. Rxf8+ Kxf8 30. Nf4 Kg8 31. Ndxe6 Nf2 32. Rxd5 Qxd5 33. Nxd5 Nxh3 34. Ne7+ Kf7 35. Nxc8 Kxe6 36. Nxb6 Nxg5 37. a4 Nf3 38. axb5 axb5 39. c4 bxc4 40. Nxc4 Nxh4 41. b4 Nf3 42. b5 Nxe5 43. Nd2 Kf5 44. b6 Nd7 45. b7 h4 46. Kc2 Kf4 47. Nf1 h3 48. Kd2 Kf3 49. Ke1 g5 50. Nh2+ Kg2 51. Ng4 h2 52. Nxh2 Kxh2 0-1

[Event "CFriend SH-2004-0-00023 email"]
[Site "Chessfriend.com"]
[Date "2004.08.02"]
[Round "1"]
[White "Pavillar, Paul Newneil"]
[Black "Oortwijn, Ron A"]
[Result "1/2-1/2"]
[WhiteElo "2163"]
[BlackElo "2207"]
[PlyCount "37"]
[EventDate "2004.08.02"]
[EventType "tourn (corr)"]
[EventRounds "12"]
[SourceTitle "Corr 2008"]
[Source "ChessBase"]
[SourceDate "2008.06.24"]
[SourceVersion "1"]
[SourceVersionDate "2008.06.24"]
[SourceQuality "1"]

1. e4 d6 2. d4 Nf6 3. Nc3 Nbd7 4. Nf3 e5 5. Bc4 Be7 6. 0-0 0-0 7. a4 c6 8. Re1 a5 9. h3 exd4 10. Qxd4 Nc5 11. Bf4 Ne6 12. Bxe6 Bxe6 13. Rad1 d5 14. exd5 cxd5 15. Qe3 Bb4 16. Be5 Rc8 17. Ng5 h6 18. Nxe6 fxe6 19. Bd4 1/2-1/2

[Event "CFriend SH-2004-0-00023 email"]
[Site "Chessfriend.com"]
[Date "2004.08.02"]
[Round "1"]
[White "Pavillar, Paul Newneil"]
[Black "Petrov, Milen Stoyanov"]
[Result "1/2-1/2"]
[WhiteElo "2163"]
[BlackElo "2229"]
[PlyCount "96"]
[EventDate "2004.08.02"]
[EventType "tourn (corr)"]
[EventRounds "12"]
[SourceTitle "Corr 2008"]
[Source "ChessBase"]
[SourceDate "2008.06.24"]
[SourceVersion "1"]
[SourceVersionDate "2008.06.24"]
[SourceQuality "1"]

1. e4 e6 2. d4 d5 3. Nd2 Be7 4. Bd3 c5 5. dxc5 Nf6 6. Qe2 0-0 7. Ngf3 a5 8. 0-0 Na6 9. exd5 exd5 10. Nb3 Nxc5 11. Bb5 Nce4 12. h3 Bd7 13. Bxd7 Qxd7 14. a4 Rfe8 15. Be3 Nd6 16. Qd3 Nc4 17. Bd4 Ne4 18. Nfd2 Qc6 19. Rfe1 Bd6 20. Rxe4 Rxe4 21. Nxe4 dxe4 22. Qc3 Bb4 23. Qg3 f6 24. Qg4 Rd8 25. c3 Bf8 26. Qe2 b6 27. Bc5 Bxc5 28. Qxc4+ Qd5 29. Qxd5+ Rxd5 30. g4 g6 31. Re1 f5 32. gxf5 gxf5 33. Nxc5 bxc5 34. f3 exf3 35. Kf2 Kf7 36. Kxf3 Kf6 37. Re8 Rd3+ 38. Kf4 Rxh3 39. Rf8+ Ke6 40. Re8+ Kd5 41. Kxf5 Kc4 42. Rb8 Rg3 43. Rb5 h5 44. Rxa5 h4 45. Ra7 Kb3 46. a5 Kxb2 47. a6 Kxc3 48. Rh7 Rg1 1/2-1/2

[Event "CFriend AQ-2004-0-00003 email"]
[Site "Chessfriend.com"]
[Date "2004.01.18"]
[Round "?"]
[White "Ekaworawong, Prayoon"]
[Black "Pavillar, Paul Newneil"]
[Result "0-1"]
[WhiteElo "1896"]
[BlackElo "2168"]
[PlyCount "56"]
[EventDate "2004.??.??"]
[EventType "tourn (corr)"]
[EventRounds "13"]
[SourceTitle "Corr 2008"]
[Source "ChessBase"]
[SourceDate "2008.06.24"]
[SourceVersion "1"]
[SourceVersionDate "2008.06.24"]
[SourceQuality "1"]

1. e4 c5 2. Nf3 d6 3. d4 cxd4 4. Nxd4 Nf6 5. Nc3 a6 6. Be2 e6 7. Bf3 Qc7 8. g4 Nc6 9. g5 Nd7 10. a4 Be7 11. h4 0-0 12. Bg2 Nxd4 13. Qxd4 Ne5 14. f4 Nc6 15. Qf2 f6 16. Bf3 Bd7 17. Be3 f5 18. exf5 Rxf5 19. Be4 Rff8 20. Bb6 Qc8 21. Qf3 Ne5 22. Bxh7+ Kxh7 23. Qh5+ Kg8 24. fxe5 Qc6 25. 0-0-0 Qxb6 26. Rde1 Rf5 27. Ne4 Rxe5 28. Qg4 Qd4 0-1

[Event "CFriend AQ-2004-0-00003 email"]
[Site "Chessfriend.com"]
[Date "2004.01.18"]
[Round "?"]
[White "Pavillar, Paul Newneil"]
[Black "Fekih, Brahim"]
[Result "1-0"]
[WhiteElo "2168"]
[BlackElo "2001"]
[PlyCount "73"]
[EventDate "2004.??.??"]
[EventType "tourn (corr)"]
[EventRounds "13"]
[SourceTitle "Corr 2008"]
[Source "ChessBase"]
[SourceDate "2008.06.24"]
[SourceVersion "1"]
[SourceVersionDate "2008.06.24"]
[SourceQuality "1"]

1. e4 e6 2. d4 d5 3. Nd2 Nf6 4. e5 Nfd7 5. f4 c5 6. c3 Nc6 7. Ndf3 Qb6 8. g3 cxd4 9. cxd4 Bb4+ 10. Kf2 g5 11. fxg5 Ndxe5 12. Nxe5 Nxe5 13. Kg2 Nc6 14. Nf3 Bf8 15. b3 Bg7 16. Bb2 Bd7 17. Rc1 h6 18. Qd2 a5 19. Ba3 Nb4 20. Be2 hxg5 21. Qxg5 Bxd4 22. Rhd1 Be3 23. Qg7 Rf8 24. Ne5 Bc6 25. Rxc6 bxc6 26. Nxf7 Rxf7 27. Bh5 0-0-0 28. Bxf7 d4 29. Bxe6+ Kb8 30. Rf1 c5 31. Bf5 Qc6+ 32. Rf3 Qc7 33. Qg6 Qb7 34. Bxb4 cxb4 35. Be4 Qb5 36. h4 d3 37. Rf7 1-0

[Event "CFriend SH-2003-0-00004 email"]
[Site "Chessfriend.com"]
[Date "2003.03.13"]
[Round "?"]
[White "Lindam, Ingo"]
[Black "Pavillar, Paul Newneil"]
[Result "0-1"]
[WhiteElo "2081"]
[BlackElo "2168"]
[PlyCount "98"]
[EventDate "2003.03.13"]
[EventType "tourn (corr)"]
[EventRounds "10"]
[SourceTitle "Corr 2008"]
[Source "ChessBase"]
[SourceDate "2008.06.24"]
[SourceVersion "1"]
[SourceVersionDate "2008.06.24"]
[SourceQuality "1"]

1. e4 c5 2. Nf3 d6 3. d4 cxd4 4. Nxd4 Nf6 5. Nc3 a6 6. f3 e6 7. Be3 b5 8. g4 h6 9. Qd2 b4 10. Nce2 e5 11. 0-0-0 exd4 12. Nxd4 d5 13. exd5 Bd6 14. g5 hxg5 15. Bxg5 Kf8 16. Kb1 Qa5 17. Bxf6 gxf6 18. Bd3 Qc5 19. Bf5 Bxf5 20. Nxf5 Nd7 21. Qg2 Rg8 22. Qh3 Ke8 23. Qh7 Rf8 24. h4 Kd8 25. h5 Rc8 26. Nd4 Kc7 27. h6 Kb7 28. Qf5 Ne5 29. Qxf6 Nc4 30. Nb3 Qc7 31. Qd4 Ka8 32. Nd2 Na3+ 33. bxa3 Qxc2+ 34. Ka1 Rfe8 35. Rc1 Qxc1+ 36. Rxc1 Rxc1+ 37. Kb2 Be5 38. Qxe5 Rxe5 39. Kxc1 bxa3 40. Ne4 Rh5 41. Nd6 Rxh6 42. Nxf7 Rh7 43. Ne5 Rh2 44. Nc4 Rxa2 45. Kb1 Rf2 46. Nxa3 Rxf3 47. Kb2 Kb7 48. Nc4 Rd3 49. d6 Rd5 0-1

[Event "CFriend SH-2003-0-00004 email"]
[Site "Chessfriend.com"]
[Date "2003.03.13"]
[Round "?"]
[White "Pavillar, Paul Newneil"]
[Black "Blom, Erik"]
[Result "1/2-1/2"]
[WhiteElo "2168"]
[BlackElo "2069"]
[PlyCount "81"]
[EventDate "2003.03.13"]
[EventType "tourn (corr)"]
[EventRounds "10"]
[SourceTitle "Corr 2008"]
[Source "ChessBase"]
[SourceDate "2008.06.24"]
[SourceVersion "1"]
[SourceVersionDate "2008.06.24"]
[SourceQuality "1"]

1. d4 d5 2. c4 dxc4 3. Nf3 a6 4. a4 Nc6 5. e3 Bg4 6. Bxc4 e6 7. Nc3 Nf6 8. 0-0 Bd6 9. h3 Bh5 10. Bd2 0-0 11. Rc1 e5 12. dxe5 Nxe5 13. Be2 Ned7 14. Nd4 Bg6 15. f4 h6 16. Be1 Qe7 17. Rf3 Ne4 18. Nd5 Qd8 19. Bd3 Re8 20. Nc3 Ndc5 21. f5 Nxc3 22. Bxc3 Bh7 23. Bb1 Qd7 24. Bb4 Re5 25. Rg3 Ne4 26. Bxd6 Qxd6 27. Bxe4 Rxe4 28. Qf3 Qe5 29. Rc5 Qxc5 30. Qxe4 Rb8 31. b4 Qd6 32. Qg4 Qf6 33. Qf4 Rc8 34. Qe4 c6 35. a5 Kh8 36. Qf4 c5 37. bxc5 Rxc5 38. Qb8+ Bg8 39. Kh2 Rxa5 40. Qxb7 Ra1 41. Qb4 1/2-1/2

[Event "CFriend SH-2003-0-00004 email"]
[Site "Chessfriend.com"]
[Date "2003.03.13"]
[Round "?"]
[White "Sobirey, Michael"]
[Black "Pavillar, Paul Newneil"]
[Result "0-1"]
[WhiteElo "2052"]
[BlackElo "2168"]
[PlyCount "52"]
[EventDate "2003.03.13"]
[EventType "tourn (corr)"]
[EventRounds "10"]
[SourceTitle "Corr 2008"]
[Source "ChessBase"]
[SourceDate "2008.06.24"]
[SourceVersion "1"]
[SourceVersionDate "2008.06.24"]
[SourceQuality "1"]

1. d4 d5 2. Nf3 Nf6 3. Bg5 Ne4 4. Bf4 c5 5. dxc5 Nc6 6. e3 f6 7. Nfd2 Nxc5 8. Be2 e5 9. Bg3 Be6 10. a3 a5 11. 0-0 Be7 12. Nc3 0-0 13. h3 f5 14. Rb1 d4 15. exd4 exd4 16. Nb5 f4 17. Bh2 Qd7 18. Re1 Rad8 19. Nf3 Kh8 20. Qd2 d3 21. Bxd3 Bxh3 22. gxh3 Qxh3 23. Qe2 Nxd3 24. cxd3 Rd5 25. Nc3 Nd4 26. Nxd5 Nxe2+ 0-1

[Event "IECG WC.2006.P.00010 email"]
[Site "IECG email"]
[Date "2003.01.22"]
[Round "?"]
[White "Pavillar, Paul Newneil"]
[Black "Orsolic, Marijan"]
[Result "1-0"]
[WhiteElo "2166"]
[BlackElo "2039"]
[PlyCount "71"]
[EventDate "2003.01.22"]
[EventType "tourn (corr)"]
[EventRounds "10"]
[SourceTitle "Corr 2008"]
[Source "ChessBase"]
[SourceDate "2008.06.24"]
[SourceVersion "1"]
[SourceVersionDate "2008.06.24"]
[SourceQuality "1"]

1. e4 c5 2. Nf3 d6 3. d4 cxd4 4. Nxd4 Nf6 5. Nc3 a6 6. Bg5 e6 7. f4 h6 8. Bh4 Qb6 9. Qd2 Qxb2 10. Rb1 Qa3 11. Bxf6 gxf6 12. Be2 h5 13. 0-0 Nd7 14. Kh1 Be7 15. h4 Nc5 16. f5 Bd7 17. Rf3 Qa5 18. Rg3 Qc7 19. Qe3 b5 20. fxe6 fxe6 21. Rg7 Bf8 22. Nd5 exd5 23. exd5+ Kd8 24. Rf7 Qb6 25. Bd3 Kc8 26. Bf5 Bh6 27. Qe7 Rd8 28. Qxf6 Bxf5 29. Qxf5+ Nd7 30. Nc6 Bd2 31. c4 b4 32. c5 dxc5 33. Rb2 Bc3 34. Re2 Ra7 35. Ree7 Rb7 36. Nxd8 1-0

[Event "IECG WC.2006.P.00010 email"]
[Site "IECG email"]
[Date "2003.01.22"]
[Round "?"]
[White "Rubio Doblas, Francisco Javier"]
[Black "Pavillar, Paul Newneil"]
[Result "0-1"]
[WhiteElo "2262"]
[BlackElo "2166"]
[PlyCount "66"]
[EventDate "2003.01.22"]
[EventType "tourn (corr)"]
[EventRounds "10"]
[SourceTitle "Corr 2008"]
[Source "ChessBase"]
[SourceDate "2008.06.24"]
[SourceVersion "1"]
[SourceVersionDate "2008.06.24"]
[SourceQuality "1"]

1. e4 c5 2. Nf3 d6 3. d4 cxd4 4. Nxd4 Nf6 5. Nc3 a6 6. f3 e6 7. Be3 b5 8. Qd2 Nbd7 9. g4 Nb6 10. Qf2 Nfd7 11. 0-0-0 Bb7 12. Bd3 Rc8 13. Nce2 Qc7 14. Kb1 d5 15. Ng3 Nc4 16. Bxc4 bxc4 17. g5 dxe4 18. f4 Bd5 19. f5 Ne5 20. Nh5 c3 21. f6 g6 22. Ng7+ Kd7 23. b3 Ng4 24. Qe2 Nxe3 25. Qxe3 Qc5 26. h4 Qa3 27. Qc1 Qxc1+ 28. Rxc1 h6 29. Ne2 e3 30. Rhg1 hxg5 31. hxg5 Rh2 32. Rce1 Bc5 33. Rg3 Be4 0-1

[Event "IECG CM.2002.0.00199 email"]
[Site "IECG email"]
[Date "2002.11.06"]
[Round "?"]
[White "Pavillar, Paul Newneil"]
[Black "Marez, Sebastien"]
[Result "1/2-1/2"]
[WhiteElo "2165"]
[BlackElo "2124"]
[PlyCount "73"]
[EventDate "2002.11.06"]
[EventType "tourn (corr)"]
[EventRounds "6"]
[SourceTitle "Corr 2008"]
[Source "ChessBase"]
[SourceDate "2008.06.24"]
[SourceVersion "1"]
[SourceVersionDate "2008.06.24"]
[SourceQuality "1"]

1. d4 d5 2. c4 c6 3. Nc3 Nf6 4. Nf3 dxc4 5. a4 Bf5 6. e3 e6 7. Bxc4 Bb4 8. 0-0 0-0 9. Qe2 Bg6 10. Ne5 Nbd7 11. Nxg6 hxg6 12. Bd2 e5 13. dxe5 Nxe5 14. Rfd1 Nxc4 15. Qxc4 Bd6 16. Ne4 Nxe4 17. Qxe4 Re8 18. Qc4 Qe7 19. Ba5 Rab8 20. Bc3 Rbd8 21. Rd3 Qc7 22. h3 Bh2+ 23. Kh1 Rxd3 24. Qxd3 Rd8 25. Qe4 a6 26. g3 Bxg3 27. fxg3 Qxg3 28. Qg4 Qxe3 29. Kg2 Qd3 30. Re1 b5 31. Qe4 c5 32. Ba5 Qxe4+ 33. Rxe4 Rd3 34. axb5 axb5 35. Re8+ Kh7 36. Rc8 b4 37. Rxc5 1/2-1/2

[Event "IECG CM.2002.0.00199 email"]
[Site "IECG email"]
[Date "2002.11.06"]
[Round "?"]
[White "Pavillar, Paul Newneil"]
[Black "Nenciulescu, Silviu Catalin"]
[Result "1-0"]
[WhiteElo "2165"]
[BlackElo "2222"]
[PlyCount "99"]
[EventDate "2002.11.06"]
[EventType "tourn (corr)"]
[EventRounds "6"]
[SourceTitle "Corr 2008"]
[Source "ChessBase"]
[SourceDate "2008.06.24"]
[SourceVersion "1"]
[SourceVersionDate "2008.06.24"]
[SourceQuality "1"]

1. d4 Nf6 2. c4 e6 3. Nf3 b6 4. g3 Ba6 5. b3 Bb4+ 6. Bd2 Be7 7. Bg2 c6 8. Bc3 d5 9. Ne5 Ne4 10. 0-0 Nxc3 11. Nxc3 0-0 12. Re1 f6 13. Nd3 dxc4 14. Nf4 Bb4 15. Rc1 Re8 16. Bh3 e5 17. dxe5 Qxd1 18. Rexd1 fxe5 19. Ne6 Bc8 20. Nc7 Bxh3 21. Nxe8 Na6 22. Nd6 cxb3 23. axb3 Be6 24. Nc4 b5 25. Nxe5 Bxb3 26. Rd3 Ba3 27. Ra1 b4 28. Nb1 Nc5 29. Rd6 Nb7 30. Rxc6 Nd8 31. Nxa3 Nxc6 32. Nxc6 bxa3 33. Rxa3 Bc4 34. e4 a6 35. e5 Kf7 36. f4 g6 37. Kf2 Ke6 38. Nd4+ Kd5 39. Ke3 a5 40. Ra4 h5 41. e6 Ra7 42. h4 Bf1 43. g4 hxg4 44. h5 gxh5 45. f5 Kd6 46. f6 Ra8 47. e7 g3 48. Nc6 Re8 49. Re4 g2 50. Kf2 1-0

[Event "IECG CM.2002.0.00199 email"]
[Site "IECG email"]
[Date "2002.11.06"]
[Round "?"]
[White "Pavillar, Paul Newneil"]
[Black "Wurschner, Miroslav"]
[Result "1/2-1/2"]
[WhiteElo "2165"]
[BlackElo "2227"]
[PlyCount "41"]
[EventDate "2002.11.06"]
[EventType "tourn (corr)"]
[EventRounds "6"]
[SourceTitle "Corr 2008"]
[Source "ChessBase"]
[SourceDate "2008.06.24"]
[SourceVersion "1"]
[SourceVersionDate "2008.06.24"]
[SourceQuality "1"]

1. d4 Nf6 2. c4 c5 3. d5 e6 4. Nc3 exd5 5. cxd5 d6 6. e4 g6 7. Nge2 Bg7 8. Ng3 0-0 9. Be2 a6 10. a4 Nbd7 11. 0-0 Rb8 12. Bf4 Qe7 13. Qd2 Re8 14. Bg5 b6 15. Rae1 Qf8 16. h3 h6 17. Be3 Bb7 18. f4 Qe7 19. Bd3 Kh7 20. Qe2 Ra8 21. Bf2 1/2-1/2

[Event "IECG CM.2001.0.00150"]
[Site "IECG email"]
[Date "2001.07.30"]
[Round "?"]
[White "Pappier, Carlos Guillermo"]
[Black "Pavillar, Paul Newneil"]
[Result "1/2-1/2"]
[WhiteElo "2210"]
[BlackElo "2003"]
[PlyCount "157"]
[EventDate "2001.07.30"]
[EventType "tourn (corr)"]
[EventRounds "6"]
[SourceTitle "Corr 2008"]
[Source "ChessBase"]
[SourceDate "2008.06.24"]
[SourceVersion "1"]
[SourceVersionDate "2008.06.24"]
[SourceQuality "1"]

1. d4 d5 2. c4 c6 3. Nf3 Nf6 4. Nc3 e6 5. e3 Nbd7 6. Qc2 Bd6 7. Bd3 0-0 8. 0-0 dxc4 9. Bxc4 b5 10. Be2 Bb7 11. Rd1 Qb8 12. e4 e5 13. g3 Re8 14. dxe5 Nxe5 15. Bg5 Ned7 16. a3 a5 17. Rd2 b4 18. Rad1 Re6 19. Bc4 bxc3 20. bxc3 Ne5 21. Nxe5 Bxe5 22. Bxe6 fxe6 23. Rb1 Qc8 24. f4 Bb8 25. Bxf6 gxf6 26. f5 Ba7+ 27. Kg2 Ba6 28. Qa2 Kh8 29. Qxe6 Qxe6 30. fxe6 Bc5 31. Rd7 Re8 32. a4 Bc8 33. Rc7 Bxe6 34. Rxc6 Ba3 35. Rbb6 Bf7 36. Rxf6 Bg6 37. Rb5 Bxe4+ 38. Kf2 Rc8 39. Rf4 Bg6 40. Rxa5 Rxc3 41. Rd5 Rc2+ 42. Kf3 Rxh2 43. a5 Be7 44. Rc4 Ra2 45. Rd7 Ra3+ 46. Kf4 Bf8 47. Rc8 Ra4+ 48. Ke3 Ra3+ 49. Ke2 Kg8 50. Rdd8 Ra2+ 51. Ke3 Ra3+ 52. Kd4 Ra4+ 53. Kc3 Ra3+ 54. Kb2 Rxa5 55. Rxf8+ Kg7 56. Rf3 h5 57. Kb3 Kh6 58. Kb4 Rg5 59. Rc4 Re5 60. Rcf4 Kg5 61. Kc4 Re1 62. Ra3 Re4+ 63. Rxe4 Bxe4 64. Kd4 Bc6 65. Ke3 Kg4 66. Rc3 Bd5 67. Rd3 Bh1 68. Kf2 Kg5 69. Rd4 Bc6 70. Ke3 Bh1 71. Rf4 Bd5 72. Kd4 Bg2 73. Ke5 Bh3 74. Rb4 Bf1 75. Rb8 Kg4 76. Rg8+ Kf3 77. Rf8+ Kxg3 78. Rxf1 h4 79. Ra1 1/2-1/2

[Event "IECG CM.2001.0.00150"]
[Site "IECG email"]
[Date "2001.07.30"]
[Round "?"]
[White "Pavillar, Paul Newneil"]
[Black "Markus, Roland"]
[Result "1-0"]
[WhiteElo "2003"]
[BlackElo "2285"]
[PlyCount "99"]
[EventDate "2001.07.30"]
[EventType "tourn (corr)"]
[EventRounds "6"]
[SourceTitle "Corr 2008"]
[Source "ChessBase"]
[SourceDate "2008.06.24"]
[SourceVersion "1"]
[SourceVersionDate "2008.06.24"]
[SourceQuality "1"]

1. d4 Nf6 2. c4 e5 3. dxe5 Ng4 4. Bf4 Nc6 5. Nf3 Bb4+ 6. Nbd2 Qe7 7. e3 Ngxe5 8. Nxe5 Nxe5 9. Be2 0-0 10. 0-0 d6 11. Nb3 b6 12. a3 Bc5 13. Nxc5 bxc5 14. b4 cxb4 15. axb4 Bb7 16. Qd4 Rfe8 17. Rfd1 a6 18. c5 dxc5 19. bxc5 h6 20. Rdb1 Ra7 21. Rb3 Qe6 22. Rba3 Qc6 23. f3 Ng6 24. Bg3 Nf8 25. Ra5 Ne6 26. Qc3 Raa8 27. Bd3 Ng5 28. e4 Ne6 29. Bc4 Qd7 30. Be5 Rad8 31. Rb1 Bc8 32. c6 Qd2 33. Qxd2 Rxd2 34. Rd5 Rc2 35. Bb3 Rc5 36. Rxc5 Nxc5 37. Bxc7 Nxb3 38. Rxb3 f6 39. Kf2 Be6 40. Rc3 Kf7 41. f4 Rc8 42. Ba5 f5 43. e5 Bd5 44. c7 Ke7 45. Rg3 Kf7 46. Rd3 Ke6 47. Ke3 Re8 48. Kd4 Bc6 49. g4 fxg4 50. Kc5 1-0

[Event "IECG C1.2001.0.00339"]
[Site "IECG email"]
[Date "2001.02.01"]
[Round "?"]
[White "Kuc, Mariusz"]
[Black "Pavillar, Paul Newneil"]
[Result "0-1"]
[WhiteElo "1900"]
[BlackElo "1953"]
[PlyCount "82"]
[EventDate "2001.02.18"]
[EventType "tourn (corr)"]
[EventRounds "6"]
[SourceTitle "Corr 2008"]
[Source "ChessBase"]
[SourceDate "2008.06.24"]
[SourceVersion "1"]
[SourceVersionDate "2008.06.24"]
[SourceQuality "1"]

1. e4 c5 2. Nc3 Nc6 3. g3 g6 4. Bg2 Bg7 5. d3 d6 6. Be3 Rb8 7. Qd2 b5 8. Nge2 Nd4 9. 0-0 e6 10. Nd1 Nxe2+ 11. Qxe2 Ne7 12. Qd2 0-0 13. Bh6 Nc6 14. Bxg7 Kxg7 15. f4 Bb7 16. Ne3 f5 17. g4 fxg4 18. Nxg4 Qh4 19. h3 Rbd8 20. Rf2 b4 21. Raf1 Ne7 22. c3 a5 23. Ne3 Kh8 24. Nc4 Nc6 25. Qe3 bxc3 26. bxc3 d5 27. exd5 exd5 28. Ne5 d4 29. Qc1 Nxe5 30. fxe5 Rxf2 31. Rxf2 Bxg2 32. Kxg2 Re8 33. Re2 Qh5 34. Re1 Rxe5 35. cxd4 Rxe1 36. Qxe1 Qd5+ 37. Qe4 Qxe4+ 38. dxe4 cxd4 39. Kf3 g5 40. e5 h5 41. Ke4 g4 0-1

[Event "IECG C1.2000.0.00314"]
[Site "IECG email"]
[Date "2000.10.27"]
[Round "?"]
[White "Draba, Henryk"]
[Black "Pavillar, Paul Newneil"]
[Result "1/2-1/2"]
[WhiteElo "1860"]
[BlackElo "1885"]
[PlyCount "76"]
[EventDate "2000.10.27"]
[EventType "tourn (corr)"]
[EventRounds "6"]
[SourceTitle "Corr 2008"]
[Source "ChessBase"]
[SourceDate "2008.06.24"]
[SourceVersion "1"]
[SourceVersionDate "2008.06.24"]
[SourceQuality "1"]

1. e4 c5 2. Nf3 d6 3. d4 cxd4 4. Nxd4 Nf6 5. Nc3 a6 6. Be2 e5 7. Nb3 Be7 8. 0-0 0-0 9. Be3 Be6 10. Qd2 Nbd7 11. Rfd1 Rc8 12. f3 Qc7 13. a4 Rfd8 14. a5 d5 15. exd5 Nxd5 16. Nxd5 Bxd5 17. Qxd5 Nf6 18. Qc4 Rxd1+ 19. Rxd1 Qxc4 20. Bxc4 Rxc4 21. c3 Kf8 22. Kf2 Ke8 23. g3 Ra4 24. Bc5 Ra2 25. Rd2 Nd7 26. Bxe7 Kxe7 27. g4 h6 28. h4 e4 29. fxe4 Ne5 30. Nc5 Nxg4+ 31. Kg3 Ne5 32. Nxb7 Nc4 33. Rd4 Nxa5 34. Nxa5 Rxa5 35. b4 Ra2 36. Rd5 g6 37. Kf4 Rh2 38. Kg3 Rc2 1/2-1/2

[Event "IECG C1.2000.0.00314"]
[Site "IECG email"]
[Date "2000.10.27"]
[Round "?"]
[White "Ling, Anthony J"]
[Black "Pavillar, Paul Newneil"]
[Result "0-1"]
[WhiteElo "1880"]
[BlackElo "1885"]
[PlyCount "86"]
[EventDate "2000.10.27"]
[EventType "tourn (corr)"]
[EventRounds "6"]
[SourceTitle "Corr 2008"]
[Source "ChessBase"]
[SourceDate "2008.06.24"]
[SourceVersion "1"]
[SourceVersionDate "2008.06.24"]
[SourceQuality "1"]

1. e4 c5 2. Nf3 d6 3. d4 cxd4 4. Nxd4 Nf6 5. Nc3 a6 6. Bg5 e6 7. f4 Qb6 8. Qd2 Qxb2 9. Rb1 Qa3 10. f5 Nc6 11. fxe6 fxe6 12. Nxc6 bxc6 13. Be2 Be7 14. 0-0 0-0 15. Rb3 Qc5+ 16. Be3 Qe5 17. Bf4 Qc5+ 18. Kh1 Ng4 19. h3 Nf2+ 20. Kh2 d5 21. Bf3 h6 22. a3 a5 23. e5 Qc4 24. Ne2 Ne4 25. Bxe4 Qxe4 26. Rff3 c5 27. Nc3 Qc4 28. Nd1 a4 29. Rbc3 Qe4 30. Rf2 Bb7 31. Rcf3 d4 32. Bg3 Rxf3 33. gxf3 Qd5 34. Rf1 c4 35. c3 Bxa3 36. cxd4 Bc5 37. Ne3 Qxd4 38. Qxd4 Bxd4 39. Nc2 Bb2 40. Rb1 c3 41. Kg2 Rd8 42. Bf2 Rd2 43. Nd4 c2 0-1

[Event "IECG C1.2000.0.00314"]
[Site "IECG email"]
[Date "2000.10.27"]
[Round "?"]
[White "Pavillar, Paul Newneil"]
[Black "Quint, Johannes"]
[Result "1-0"]
[WhiteElo "1885"]
[BlackElo "1900"]
[PlyCount "51"]
[EventDate "2000.10.27"]
[EventType "tourn (corr)"]
[EventRounds "6"]
[SourceTitle "Corr 2008"]
[Source "ChessBase"]
[SourceDate "2008.06.24"]
[SourceVersion "1"]
[SourceVersionDate "2008.06.24"]
[SourceQuality "1"]

1. e4 c6 2. d4 d5 3. exd5 cxd5 4. c4 e6 5. Nf3 Nf6 6. Nc3 Be7 7. cxd5 exd5 8. Bb5+ Bd7 9. Bxd7+ Nbxd7 10. 0-0 0-0 11. Qb3 Nb6 12. Bg5 Re8 13. Rfe1 Ne4 14. Nxe4 dxe4 15. Rxe4 Bxg5 16. Rxe8+ Qxe8 17. Nxg5 Qe7 18. Nf3 Re8 19. Rc1 Qd8 20. h3 Qd5 21. Qa3 Rc8 22. Re1 a6 23. Re5 Qc4 24. Qe7 Qc6 25. Rc5 Re8 26. Rxc6 1-0